000 00599cam a2200217 4500
008 090401t1996 xxu||||| |||| 00| 0 eng d
020 _a1856041816
035 _a(Sirsi) u20491
041 _aeng
050 _a028.7
100 _aOwen, Tim
245 _aSuccess at the enquiry desk.
260 _aLondon
_bLibrary Association
_c1996
300 _axiii,82p. ; 22cm.
350 _a12.5
490 _aLibrary Association The Successful LIS Professional Series
650 _aLIBRARIES
690 _aMANAGEMENT-BUSINESS MANAGEMENT-PROFESSIONAL PRACTICE
942 _n0
948 _c04/03/1997
999 _c87829
_d87829